[Event "105th British-ch 2018"]
[Site "Hull"]
[Date "2018.08.03"]
[Round "7"]
[White "Emms, John M"]
[Black "Houska, Jovanka"]
[Result "1/2-1/2"]
[WhiteElo "2488"]
[BlackElo "2406"]
[Annotator "ChessBase"]
[PlyCount "46"]
[EventDate "2018.07.28"]
[EventType "swiss"]
[EventCountry "GBR"]
[SourceTitle "playchess.com"]
[Source "ChessBase"]
[SourceQuality "1"]
[TimeControl "40/5400+30:1800+30"]

1. d4 {[%emt 0:01:04]} d5 {[%emt 0:00:06]} 2. Nf3 {[%emt 0:01:35]} Nf6 {[%emt 0:00:21]} 3. Bf4 {[%emt 0:00:16]} c5 {[%emt 0:00:39]} 4. e3 {[%emt 0:00:17]} Nc6 {[%emt 0:00:29]} 5. Nbd2 {[%emt 0:00:08]} e6 {[%emt 0:00:04]} 6. c3 {[%emt 0:00:48]} Bd6 {[%emt 0:00:16]} 7. Bg3 {[%emt 0:00:44]} O-O {[%emt 0:01:56]} 8. Bd3 {[%emt 0:04:01]} b6 {[%emt 0:02:51]} 9. Qe2 {[%emt 0:01:36]} Bb7 {[%emt 0:02:46]} 10. Rd1 {[%emt 0:00:53]} Re8 {[%emt 0:09:44]} 11. Ne5 {[%emt 0:40:55]} Qc7 {[%emt 0:07:32]} 12. f4 {[%emt 0:07:02]} Ne7 {[%emt 0:03:15]} 13. Bh4 {[%emt 0:08:47]} Ne4 {[%emt 0:01:13]} 14. Nxe4 {[%emt 0:00:35]} dxe4 {[%emt 0:00:11]} 15. Bb5 {[%emt 0:00:17]} Nc6 {[%emt 0:18:13]} 16. O-O {[%emt 0:09:00]} a6 {[%emt 0:05:55]} 17. Ba4 {[%emt 0:00:03]} b5 {[%emt 0:04:56]} 18. Bc2 {[%emt 0:00:09]} Ne7 {[%emt 0:04:16]} 19. Bxe7 {[%emt 0:05:27]} Rxe7 {[%emt 0:01:31]} 20. Ng4 {[%emt 0:00:20]} cxd4 {[%emt 0:02:45]} 21. cxd4 {[%emt 0:01:08]} Bd5 {[%emt 0:00:48]} 22. Bb3 {[%emt 0:02:30]} Bxb3 {[%emt 0:03:54]} 23. axb3 {[%emt 0:00:03]} f5 {[%emt 0:01:13]} 1/2-1/2

[Event "105th British-ch 2018"]
[Site "Hull"]
[Date "2018.08.03"]
[Round "7"]
[White "Gormally, Daniel"]
[Black "Wells, Peter K"]
[Result "1-0"]
[WhiteElo "2478"]
[BlackElo "2426"]
[Annotator "TA"]
[PlyCount "71"]
[EventDate "2018.07.28"]
[EventType "swiss"]
[EventCountry "GBR"]
[SourceTitle "playchess.com"]
[Source "ChessBase"]
[SourceQuality "1"]

{[%evp 28,71,32,0,0,-10,-6,-20,-18,-22,-21,-21,-12,-33,-8,-8,-20,-30,-21,-35,-23,-41,-33,-27,-43,-94,-78,-90,62,72,110,-39,-56,-50,-38,-37,120,135,142,147,385,381,2027,1664,1685,1595]} 1. e4 e5 2. Nf3 Nc6 3. Bb5 a6 4. Ba4 Nf6 5. O-O Be7 6. Re1 b5 7. Bb3 d6 8. c3 O-O 9. h3 Nb8 {[%cal Bc6b8,Bb8d7,Bd7c5][%mdl 32]} 10. d3 Nbd7 11. Nbd2 Bb7 12. Nf1 Nc5 13. Bc2 Re8 14. Ng3 Bf8 15. Nh2 {LiveBook: 23 Games} Ne6 {C94: Closed Ruy Lopez: Breyer Variation with 10 d3} (15... g6 16. f4 exf4 17. Bxf4 Ne6 18. Qf3 d5 19. Rad1 dxe4 20. dxe4 Qe7 {½-½ (20) Vachier Lagrave,M (2723)-Kasimdzhanov,R (2699) Sestao 2010}) 16. Bb3 $146 ({Predecessor:} 16. Ng4 Nxg4 17. Qxg4 g6 18. Qf3 Bg7 19. a4 Qe7 20. Qe3 c6 21. Ne2 d5 22. exd5 cxd5 23. axb5 axb5 24. Rxa8 Bxa8 {0-1 (36) Tahay,A (2285)-Kevlishvili,R (2445) Tarvisio 2017}) 16... g6 17. Bxe6 Rxe6 {The position is equal.} 18. f4 exf4 19. Bxf4 c5 20. Nf3 h6 21. Qd2 Kh7 22. Qf2 Bg7 23. Rad1 Qe7 24. b4 Rc8 25. bxc5 dxc5 26. e5 (26. Be3 $15) 26... Nd5 $17 27. Bd2 f5 $2 (27... b4 $1 $17 {[%cal Rb4c3]} 28. cxb4 cxb4) 28. exf6 $1 $14 Nxf6 {[#]} 29. Rxe6 (29. Nf5 $1 $16 {[%cal Rf5e7][%mdl 512]} gxf5 30. Ng5+ $1 {[%mdl 512]} hxg5 31. Qxf5+ Kg8 32. Rxe6) 29... Qxe6 $15 30. Re1 $1 {[%cal Re1e6]} Qd6 31. Ne5 Rf8 $2 {[#]} (31... Re8 $15 32. d4 Qd5) 32. Nxg6 $1 $16 {[%mdl 512]} Kxg6 {[#]} 33. Nf5 $1 $36 {[%cal Rf5d6][%mdl 2048] Black is under strong pressure.} ({Avoid the trap} 33. Qf5+ $2 Kf7 $19) 33... Qxd3 $2 (33... Ne4 $16 {is a better defense.} 34. dxe4 (34. Nxd6 Nxf2 35. Re6+ Kh7 $11) 34... Qd3) 34. Re7 $18 Ne8 $2 (34... Qb1+ 35. Kh2 Qxf5 36. Rxg7+ Kxg7 37. Qxf5 Bd5) 35. Nh4+ Kh7 36. Qxf8 $1 {Precision: White = 40%, Black = 36%.} 1-0

[Event "105th British-ch 2018"]
[Site "Hull"]
[Date "2018.08.03"]
[Round "7"]
[White "Ward, Chris G"]
[Black "Pert, Nicholas"]
[Result "0-1"]
[WhiteElo "2434"]
[BlackElo "2544"]
[Annotator "TA"]
[PlyCount "110"]
[EventDate "2018.07.28"]
[EventType "swiss"]
[EventCountry "GBR"]
[SourceTitle "playchess.com"]
[Source "ChessBase"]
[SourceQuality "1"]

{[%evp 22,110,33,32,50,47,44,39,44,34,51,20,22,-60,-25,-57,-72,-63,-65,-64,-55,-59,-70,-50,-51,-44,-53,-59,-74,-60,-60,-67,-14,-28,-28,-37,-23,-37,-37,-25,0,0,0,0,0,0,0,0,0,0,0,0,0,0,0,0,0,-95,-137,-95,-110,-166,-209,-187,-197,-5487,-5310,-5210,-2910,-29963,-29964,-29963,-29964,-29963,-29966,-29965,-29968,-29965,-29968,-29968,-5110,-29977,-29978,-29982,-29982,-29983,-29984,-29985,-29986,-29986,-29987]} 1. d4 e6 2. c4 f5 3. g3 Nf6 4. Bg2 Be7 5. Nf3 O-O 6. O-O d6 7. Nc3 Ne4 8. Nxe4 {A96: Holländische Verteidigung (Hauptvariante)} (8. Qc2 Nxc3 9. bxc3 Nc6 10. d5 Na5 11. dxe6 Bxe6 12. Nd4 Bxc4 13. Nxf5 Bf6 14. Ne3 Bf7 15. Be4 h6 16. Rb1 Kh8 17. c4 {½-½ (25) Ding,L (2777)-Kravtsiv,M (2665) Tbilisi 2017}) 8... fxe4 9. Nd2 d5 10. f3 Nc6 11. fxe4 Rxf1+ 12. Kxf1 {[%cal Rc4d5] LiveBook: 10 Partien} dxc4 13. Nf3 b5 14. Be3 a6 15. Kg1 $146 ({Vorgänger:} 15. d5 exd5 16. exd5 {1-0 (52) Koo,O (2178)-Arnold,G (2174) ICCF email 2015}) 15... Qe8 16. d5 Nd8 $1 {[%cal Bc6d8,Bd8f7,Bf7e5][%mdl 32]} 17. e5 (17. b3 $11) 17... Bb7 $15 18. d6 cxd6 19. exd6 Bf6 20. Qd2 Nf7 21. d7 Qe7 22. Ng5 Rd8 23. Rd1 $1 {Droht stark Sxf7.} Ne5 $1 24. Nxh7 Rxd7 25. Nxf6+ Qxf6 26. Qc1 {zielt auf Txd7 ab.} Rxd1+ (26... Bxg2 $15 27. Kxg2 Qg6 28. Rxd7 Nxd7) 27. Qxd1 $11 Bxg2 28. Kxg2 Ng4 29. Qd4 Nxe3+ 30. Qxe3 $15 {[%mdl 4096] Endspiel KD-KD} b4 31. Qe4 c3 32. bxc3 bxc3 {Und ...Df5 würde nun gewinnen.} 33. Qc4 a5 34. a4 Qg6 35. e4 Qe8 36. Qxc3 Qxa4 37. Qc8+ Kf7 38. Qc7+ Kg6 39. Qe5 (39. Kf3 $1 $11 {war der einzige Weg, das Gleichgewicht zu behalten.}) 39... Qa2+ $1 $17 40. Kf3 a4 {[%cal Ba5a4,Ba4a3][%mdl 32]} 41. h4 {[#]} (41. Kf4 $17) 41... Qb3+ $1 $19 42. Kf4 a3 {Weiss muss nun ...Db2 beachten.} 43. g4 $2 (43. Qg5+ Kf7 44. Qh5+ g6 45. Qc5) 43... Qb2 {[%cal Rb2f2]} 44. Qh5+ Kf6 {[%cal Rb2f2]} 45. e5+ Ke7 46. Qg5+ {[#]} Kd7 $1 (46... Kf7 $2 47. Qh5+ Ke7 48. Qg5+ Kf7 49. Qh5+ Ke7 $19) 47. Qxg7+ Kc6 48. Qa7 Qd2+ 49. Kg3 a2 50. Qa6+ Kc5 51. Qa7+ Kb4 {Schwarz setzt Matt.} 52. Qe7+ Ka4 53. Qe8+ Ka3 54. Qa8+ Kb2 55. Qb7+ Kc2 {Precision: Weiß = 55%, Schwarz = 89%.} 0-1

[Event "105th British-ch 2018"]
[Site "Hull"]
[Date "2018.08.03"]
[Round "7"]
[White "Arkell, Keith C"]
[Black "Tan, Justin Hy"]
[Result "1/2-1/2"]
[WhiteElo "2406"]
[BlackElo "2481"]
[Annotator "TA"]
[PlyCount "46"]
[EventDate "2018.07.28"]
[EventType "swiss"]
[EventCountry "GBR"]
[SourceTitle "playchess.com"]
[Source "ChessBase"]
[SourceQuality "1"]

{[%evp 24,46,0,-17,-17,-21,-17,-16,-20,-13,-23,-29,-7,-27,-23,-13,-10,-14,0,0,0,0,0,0,0]} 1. d4 Nf6 2. Nf3 d5 3. c4 e6 4. cxd5 exd5 5. Nc3 c6 6. Bg5 h6 7. Bh4 Bf5 8. e3 Nbd7 9. Bd3 Bxd3 10. Qxd3 Bd6 11. O-O O-O 12. Rab1 a5 {D35: Damengambit (Abtauschvariante)} 13. Qc2 {[#] LiveBook: 4 Partien} Qb8 $146 ({Vorgänger:} 13... Re8 14. Rfe1 Qc8 15. Bg3 Bxg3 16. hxg3 Ne4 17. Nxe4 dxe4 18. Nd2 Nf6 19. b4 axb4 20. Rxb4 {½-½ (32) Arkell,K (2505)-Adams,M (2742) Douglas 2015}) 14. a3 Re8 15. Bg3 Bxg3 16. hxg3 Qd6 17. Rfc1 g6 18. Na4 Ne4 19. Nd2 Nxd2 {Die Stellung ist ausgeglichen.} 20. Qxd2 b5 21. Nc5 a4 22. Nxd7 Qxd7 23. Rc5 Re6 {Precision: Weiß = 73%, Schwarz = 65%.} 1/2-1/2

[Event "105th British-ch 2018"]
[Site "Hull"]
[Date "2018.08.03"]
[Round "7"]
[White "Trent, Lawrence"]
[Black "Kolbus, Dietmar"]
[Result "1/2-1/2"]
[WhiteElo "2406"]
[BlackElo "2303"]
[Annotator "NA"]
[PlyCount "61"]
[EventDate "2018.07.28"]
[EventType "swiss"]
[EventCountry "GBR"]
[SourceTitle "playchess.com"]
[Source "ChessBase"]
[SourceQuality "1"]
[TimeControl "40/5400+30:1800+30"]

1. f4 {[%emt 0:00:12]} d5 {[%emt 0:00:49]} 2. Nf3 {[%emt 0:00:04]} g6 {[%emt 0:00:33]} 3. c4 {[%emt 0:00:41]} dxc4 {[%emt 0:03:40]} 4. e3 {[%emt 0:00:12]} Bg7 {[%emt 0:01:06]} 5. Bxc4 {[%emt 0:00:09]} Nf6 {[%emt 0:00:37]} 6. O-O {[%emt 0:02:23]} O-O {[%emt 0:00:05]} 7. Nc3 {[%emt 0:00:02]} c6 {[%emt 0:01:24]} 8. Ne5 {[%emt 0:07:44]} Nd5 {[%emt 0:02:15]} 9. d4 {[%emt 0:00:12]} Nb6 {[%emt 0:05:41]} 10. Bb3 {[%emt 0:01:18]} Qe8 {[%emt 0:07:45]} 11. e4 {[%emt 0:04:57]} N8d7 {[%emt 0:00:33]} 12. Be3 {[%emt 0:06:58]} Nxe5 {[%emt 0:04:08]} 13. fxe5 {[%emt 0:01:03]} e6 {[%emt 0:04:46]} 14. Qd2 {[%emt 0:07:10]} Nd7 {[%emt 0:02:56]} 15. Bh6 {[%emt 0:07:40]} Kh8 {[%emt 0:08:39]} 16. Rf3 {[%emt 0:03:41]} Bxh6 {[%emt 0:00:24]} 17. Qxh6 {[%emt 0:00:02]} Rg8 {[%emt 0:00:17]} 18. Raf1 {[%emt 0:05:17]} Rg7 {[%emt 0:00:07]} 19. Qg5 {[%emt 0:01:03]} b6 {[%emt 0:00:36]} 20. d5 {[%emt 0:20:08]} Ba6 {[%emt 0:11:06]} 21. dxe6 {[%emt 0:02:15]} fxe6 {[%emt 0:00:26]} 22. Rd1 {[%emt 0:00:43]} Qe7 {[%emt 0:00:52]} 23. Qxe7 {[%emt 0:16:49]} Rxe7 {[%emt 0:00:04]} 24. Rf6 {[%emt 0:00:05]} Nxe5 {[%emt 0:06:45]} 25. Rd6 {[%emt 0:00:11]} Rae8 {[%emt 0:05:21]} 26. Rfxe6 {[%emt 0:00:34]} Rxe6 {[%emt 0:00:26]} 27. Bxe6 {[%emt 0:02:33]} Kg7 {[%emt 0:01:30]} 28. h3 {[%emt 0:01:13]} Kf8 {[%emt 0:01:54]} 29. Bb3 {[%emt 0:00:06]} Ke7 {[%emt 0:01:02]} 30. Re6+ {[%emt 0:01:16]} Kd7 {[%emt 0:00:10]} 31. Rxe8 {[%emt 0:01:17]} 1/2-1/2

[Event "105th British-ch 2018"]
[Site "Hull"]
[Date "2018.08.03"]
[Round "7"]
[White "Roberson, Peter T"]
[Black "Zapolskis, Antanas J"]
[Result "1/2-1/2"]
[WhiteElo "2401"]
[BlackElo "2283"]
[Annotator "NA"]
[PlyCount "184"]
[EventDate "2018.07.28"]
[EventType "swiss"]
[EventCountry "GBR"]
[SourceTitle "playchess.com"]
[Source "ChessBase"]
[SourceQuality "1"]
[TimeControl "40/5400+30:1800+30"]

1. e4 {[%emt 0:00:00]} c5 {[%emt 0:00:00]} 2. Nf3 {[%emt 0:00:00]} Nc6 {[%emt 0:00:00]} 3. c3 {[%emt 0:00:00]} d6 {[%emt 0:00:25]} 4. d4 {[%emt 0:00:20]} Nf6 {[%emt 0:00:09]} 5. d5 {[%emt 0:00:25]} Nb8 {[%emt 0:00:17]} 6. Bd3 {[%emt 0:00:11]} g6 {[%emt 0:01:16]} 7. c4 {[%emt 0:00:25]} Bg7 {[%emt 0:00:42]} 8. h3 {[%emt 0:00:14]} O-O {[%emt 0:02:28]} 9. Nc3 {[%emt 0:00:13]} a6 {[%emt 0:08:16]} 10. O-O {[%emt 0:03:11]} Nbd7 {[%emt 0:05:32]} 11. a4 {[%emt 0:02:05]} Re8 {[%emt 0:14:04]} 12. Bf4 {[%emt 0:02:19]} Nh5 {[%emt 0:02:28]} 13. Bg5 {[%emt 0:06:49]} h6 {[%emt 0:00:34]} 14. Be3 {[%emt 0:01:03]} e5 {[%emt 0:18:25]} 15. dxe6 {[%emt 0:07:34]} Rxe6 {[%emt 0:00:10]} 16. Qd2 {[%emt 0:00:59]} Ne5 {[%emt 0:01:28]} 17. Be2 {[%emt 0:08:35]} Qf8 {[%emt 0:00:47]} 18. Nd5 {[%emt 0:04:18]} Rb8 {[%emt 0:00:27]} 19. Nxe5 {[%emt 0:18:35]} dxe5 {[%emt 0:00:12]} 20. Bxh5 {[%emt 0:05:59]} gxh5 {[%emt 0:00:08]} 21. Qe2 {[%emt 0:00:25]} Kh7 {[%emt 0:22:34]} 22. Qxh5 {[%emt 0:09:47]} b6 {[%emt 0:00:15]} 23. a5 {[%emt 0:07:18]} b5 {[%emt 0:00:34]} 24. b3 {[%emt 0:05:14]} Rg6 {[%emt 0:00:19]} 25. Rad1 {[%emt 0:02:02]} Rb7 {[%emt 0:00:46]} 26. Nb6 {[%emt 0:01:28]} Be6 {[%emt 0:00:51]} 27. Rd2 {[%emt 0:01:26]} f5 {[%emt 0:01:14]} 28. exf5 {[%emt 0:01:17]} Bxf5 {[%emt 0:00:10]} 29. Bxc5 {[%emt 0:02:45]} Qf7 {[%emt 0:00:08]} 30. Kh1 {[%emt 0:01:57]} Be4 {[%emt 0:00:47]} 31. f3 {[%emt 0:00:35]} Qf4 {[%emt 0:00:12]} 32. Rd8 {[%emt 0:04:32]} Bc6 {[%emt 0:00:36]} 33. Qxg6+ {[%emt 0:03:55]} Kxg6 {[%emt 0:00:06]} 34. Rd6+ {[%emt 0:00:01]} Kh7 {[%emt 0:00:23]} 35. Rxc6 {[%emt 0:00:01]} bxc4 {[%emt 0:00:27]} 36. bxc4 {[%emt 0:00:08]} e4 {[%emt 0:01:28]} 37. Nd5 {[%emt 0:00:40]} Qf5 {[%emt 0:04:04]} 38. Rb6 {[%emt 0:00:35]} Rf7 {[%emt 0:01:05]} 39. Bg1 {[%emt 0:01:33]} Qc8 {[%emt 0:00:29]} 40. f4 {[%emt 0:00:23]} Qxc4 {[%emt 0:00:25]} 41. Ne3 {[%emt 0:01:37]} Qe2 {[%emt 0:01:20]} 42. Rd1 {[%emt 0:10:02]} Bf8 {[%emt 0:04:19]} 43. Rc1 {[%emt 0:06:02]} Qd2 {[%emt 0:11:51]} 44. Rcc6 {[%emt 0:00:15]} Qxa5 {[%emt 0:00:18]} 45. Rxa6 {[%emt 0:01:02]} Qe1 {[%emt 0:00:09]} 46. Nd5 {[%emt 0:07:38]} Bg7 {[%emt 0:01:17]} 47. Kh2 {[%emt 0:01:27]} h5 {[%emt 0:10:34]} 48. Be3 {[%emt 0:03:29]} h4 {[%emt 0:02:36]} 49. Rg6 {[%emt 0:01:42]} Rf5 {[%emt 0:05:01]} 50. Rg4 {[%emt 0:01:54]} Rxd5 {[%emt 0:06:36]} 51. Ra7 {[%emt 0:00:01]} Qc3 {[%emt 0:00:11]} 52. Bf2 {[%emt 0:01:01]} Rd6 {[%emt 0:03:11]} 53. Raxg7+ {[%emt 0:00:22]} Qxg7 {[%emt 0:00:05]} 54. Rxg7+ {[%emt 0:00:01]} Kxg7 {[%emt 0:00:08]} 55. Bxh4 {[%emt 0:00:23]} Kg6 {[%emt 0:00:23]} 56. g4 {[%emt 0:01:11]} Rd3 {[%emt 0:00:07]} 57. Kg2 {[%emt 0:00:21]} Kf7 {[%emt 0:00:09]} 58. f5 {[%emt 0:00:28]} Rf3 {[%emt 0:00:05]} 59. Bg5 {[%emt 0:00:35]} Rb3 {[%emt 0:00:46]} 60. h4 {[%emt 0:00:08]} Kg7 {[%emt 0:01:08]} 61. h5 {[%emt 0:00:22]} Kf7 {[%emt 0:01:23]} 62. h6 {[%emt 0:00:13]} Kg8 {[%emt 0:01:56]} 63. Bf6 {[%emt 0:00:25]} Rf3 {[%emt 0:00:30]} 64. Be5 {[%emt 0:00:57]} Kh7 {[%emt 0:00:20]} 65. Bg7 {[%emt 0:00:01]} Kg8 {[%emt 0:00:55]} 66. Bf6 {[%emt 0:01:14]} Kh7 {[%emt 0:00:23]} 67. Bg5 {[%emt 0:00:10]} Ra3 {[%emt 0:00:32]} 68. Kf2 {[%emt 0:00:20]} Rf3+ {[%emt 0:00:08]} 69. Ke2 {[%emt 0:00:18]} Rg3 {[%emt 0:00:23]} 70. Bf4 {[%emt 0:00:28]} Rf3 {[%emt 0:01:48]} 71. Be3 {[%emt 0:00:35]} Kg8 {[%emt 0:00:34]} 72. g5 {[%emt 0:00:42]} Rxf5 {[%emt 0:00:12]} 73. g6 {[%emt 0:00:02]} Rh5 {[%emt 0:00:14]} 74. Kd2 {[%emt 0:00:30]} Rh3 {[%emt 0:00:24]} 75. Bf4 {[%emt 0:00:21]} Rd3+ {[%emt 0:00:27]} 76. Ke2 {[%emt 0:00:05]} Rh3 {[%emt 0:00:05]} 77. Kd2 {[%emt 0:00:23]} Rd3+ {[%emt 0:00:17]} 78. Ke1 {[%emt 0:00:07]} Rh3 {[%emt 0:00:09]} 79. Ke2 {[%emt 0:00:04]} Kf8 {[%emt 0:00:41]} 80. Bg5 {[%emt 0:01:00]} Rh5 {[%emt 0:01:30]} 81. Bc1 {[%emt 0:00:35]} Rh2+ {[%emt 0:01:03]} 82. Kd1 {[%emt 0:01:10]} Ke7 {[%emt 0:00:54]} 83. Bb2 {[%emt 0:01:57]} Rxh6 {[%emt 0:00:17]} 84. g7 {[%emt 0:00:09]} Kf7 {[%emt 0:00:07]} 85. Be5 {[%emt 0:00:23]} Rg6 {[%emt 0:00:17]} 86. Ke2 {[%emt 0:00:06]} Ke6 {[%emt 0:00:04]} 87. Ba1 {[%emt 0:00:56]} Kf5 {[%emt 0:00:13]} 88. Ke3 {[%emt 0:00:26]} Rg3+ {[%emt 0:01:37]} 89. Kf2 {[%emt 0:00:02]} Rg4 {[%emt 0:00:36]} 90. Ke3 {[%emt 0:00:03]} Rg3+ {[%emt 0:00:40]} 91. Kf2 {[%emt 0:00:25]} Kf4 92. Be5+ Kf5 {[%emt 0:00:00]} 1/2-1/2

[Event "105th British-ch 2018"]
[Site "Hull"]
[Date "2018.08.03"]
[Round "7"]
[White "Macklin, Paul"]
[Black "Palliser, Richard Jd"]
[Result "1/2-1/2"]
[WhiteElo "2363"]
[BlackElo "2418"]
[Annotator "TA"]
[PlyCount "41"]
[EventDate "2018.07.28"]
[EventType "swiss"]
[EventCountry "GBR"]
[SourceTitle "playchess.com"]
[Source "ChessBase"]
[SourceQuality "1"]

{[%evp 17,41,6,10,8,9,8,15,11,13,0,6,0,0,0,0,0,0,0,0,0,0,0,4,0,34,26]} 1. e4 c5 2. Nf3 d6 3. c3 Nf6 4. Be2 Bd7 5. e5 dxe5 6. Nxe5 {B50: Sicilian: 2...d6, Miscellaneous} Nc6 7. Nxd7 Qxd7 8. O-O e6 9. d3 Be7 {LiveBook: 9 Games} 10. a4 O-O 11. Na3 Rfd8 12. Nc4 Nd5 13. Qb3 {[#]} Rab8 $146 14. Rd1 Qc7 15. g3 b6 16. Bf3 a6 {[%cal Ba7a6,Ba6b5][%mdl 32]} 17. Bg2 b5 18. axb5 axb5 19. Ne3 {[%cal Re3d5]} Nf6 20. Qc2 Ne5 21. Qe2 {Precision: White = 72%, Black = 70%.} 1/2-1/2

[Event "105th British-ch 2018"]
[Site "Hull"]
[Date "2018.08.03"]
[Round "7"]
[White "Bradbury, Neil H"]
[Black "Pritchett, Craig William"]
[Result "0-1"]
[WhiteElo "2350"]
[BlackElo "2274"]
[Annotator "NA"]
[PlyCount "94"]
[EventDate "2018.07.28"]
[EventType "swiss"]
[EventCountry "GBR"]
[SourceTitle "playchess.com"]
[Source "ChessBase"]
[SourceQuality "1"]
[TimeControl "40/5400+30:1800+30"]

1. d4 {[%emt 0:00:00]} e6 {[%emt 0:00:00]} 2. Nf3 {[%emt 0:00:14]} Nf6 {[%emt 0:02:08]} 3. c4 {[%emt 0:00:27]} Bb4+ {[%emt 0:02:35]} 4. Nbd2 {[%emt 0:00:17]} O-O {[%emt 0:00:19]} 5. a3 {[%emt 0:01:14]} Be7 {[%emt 0:00:29]} 6. e4 {[%emt 0:04:14]} d6 {[%emt 0:01:52]} 7. b3 {[%emt 0:03:36]} e5 {[%emt 0:08:07]} 8. d5 {[%emt 0:12:12]} a5 {[%emt 0:09:58]} 9. Bd3 {[%emt 0:11:49]} Nh5 {[%emt 0:07:39]} 10. g3 {[%emt 0:17:56]} g6 {[%emt 0:01:32]} 11. Bb2 {[%emt 0:06:51]} Na6 {[%emt 0:03:05]} 12. Bc2 {[%emt 0:06:31]} c6 {[%emt 0:03:24]} 13. dxc6 {[%emt 0:04:03]} bxc6 {[%emt 0:00:05]} 14. Qe2 {[%emt 0:00:52]} Bh3 {[%emt 0:05:35]} 15. O-O-O {[%emt 0:04:25]} Qb6 {[%emt 0:06:12]} 16. Rhe1 {[%emt 0:00:36]} Rfb8 {[%emt 0:05:49]} 17. Qe3 {[%emt 0:00:11]} Qxe3 {[%emt 0:10:24]} 18. Rxe3 {[%emt 0:00:12]} Bg4 {[%emt 0:05:02]} 19. Rde1 {[%emt 0:02:09]} Bf8 {[%emt 0:04:03]} 20. Kb1 {[%emt 0:01:20]} Nc5 {[%emt 0:02:28]} 21. Ka2 {[%emt 0:00:05]} Bh6 {[%emt 0:00:49]} 22. Rc3 {[%emt 0:00:01]} Ng7 {[%emt 0:01:48]} 23. h3 {[%emt 0:05:36]} Bd7 {[%emt 0:02:14]} 24. g4 {[%emt 0:03:07]} Nge6 {[%emt 0:00:11]} 25. Bd1 {[%emt 0:02:33]} Rb7 {[%emt 0:06:55]} 26. Nb1 {[%emt 0:01:57]} Rab8 {[%emt 0:00:16]} 27. h4 {[%emt 0:05:51]} Bf4 {[%emt 0:00:09]} 28. g5 {[%emt 0:00:13]} Na4 {[%emt 0:02:59]} 29. Rd3 {[%emt 0:01:13]} Nxb2 {[%emt 0:00:59]} 30. Kxb2 {[%emt 0:00:07]} Nc5 {[%emt 0:03:30]} 31. Rxd6 {[%emt 0:00:17]} Be6 {[%emt 0:02:41]} 32. Nbd2 {[%emt 0:01:16]} Kf8 {[%emt 0:00:37]} 33. Kc3 {[%emt 0:00:49]} Rb6 {[%emt 0:00:47]} 34. b4 {[%emt 0:00:44]} axb4+ 35. axb4 {[%emt 0:00:01]} Nd7 {[%emt 0:00:58]} 36. c5 {[%emt 0:01:22]} Rxb4 {[%emt 0:00:18]} 37. Rxc6 {[%emt 0:00:01]} R4b5 {[%emt 0:00:33]} 38. Nc4 {[%emt 0:02:25]} Nxc5 {[%emt 0:01:20]} 39. Nfxe5 {[%emt 0:00:33]} Nd7 {[%emt 0:01:03]} 40. Nd3 {[%emt 0:01:21]} Bxc4 {[%emt 0:00:28]} 41. Rxc4 {[%emt 0:02:23]} Be5+ {[%emt 0:03:59]} 42. Nxe5 {[%emt 0:02:59]} Nxe5 {[%emt 0:00:05]} 43. Rc7 {[%emt 0:00:12]} Rb1 {[%emt 0:01:12]} 44. Kd2 {[%emt 0:04:54]} R8b2+ {[%emt 0:04:51]} 45. Kc3 {[%emt 0:08:14]} Rxf2 {[%emt 0:02:20]} 46. Ra7 {[%emt 0:06:42]} Rc1+ {[%emt 0:01:01]} 47. Kb3 {[%emt 0:01:37]} Nd3 {[%emt 0:01:06]} 0-1

[Event "105th British-ch 2018"]
[Site "Hull"]
[Date "2018.08.03"]
[Round "7"]
[White "Murphy, Conor E"]
[Black "Rudd, Jack"]
[Result "1-0"]
[WhiteElo "2336"]
[BlackElo "2244"]
[Annotator "NA"]
[PlyCount "59"]
[EventDate "2018.07.28"]
[EventType "swiss"]
[EventCountry "GBR"]
[SourceTitle "playchess.com"]
[Source "ChessBase"]
[SourceQuality "1"]
[TimeControl "40/5400+30:1800+30"]

1. e4 {[%emt 0:00:00]} c6 {[%emt 0:00:00]} 2. d4 {[%emt 0:00:00]} d5 {[%emt 0:00:00]} 3. exd5 {[%emt 0:00:07]} cxd5 {[%emt 0:00:00]} 4. c4 {[%emt 0:00:06]} Nf6 {[%emt 0:00:00]} 5. Nc3 {[%emt 0:00:05]} Nc6 {[%emt 0:00:00]} 6. Nf3 {[%emt 0:00:05]} e6 {[%emt 0:00:15]} 7. c5 {[%emt 0:01:05]} Be7 {[%emt 0:00:28]} 8. Bb5 {[%emt 0:00:44]} O-O {[%emt 0:00:11]} 9. O-O {[%emt 0:00:17]} Bd7 {[%emt 0:01:53]} 10. Re1 {[%emt 0:21:47]} b6 {[%emt 0:00:51]} 11. Bxc6 {[%emt 0:14:14]} Bxc6 {[%emt 0:00:33]} 12. b4 {[%emt 0:00:16]} bxc5 {[%emt 0:00:19]} 13. bxc5 {[%emt 0:00:40]} Nd7 {[%emt 0:00:36]} 14. Bf4 {[%emt 0:02:08]} Re8 {[%emt 0:01:07]} 15. Qd3 {[%emt 0:03:47]} Qa5 {[%emt 0:01:07]} 16. Re3 {[%emt 0:05:07]} Bf6 {[%emt 0:05:34]} 17. Rae1 {[%emt 0:04:38]} Rec8 {[%emt 0:03:51]} 18. h4 {[%emt 0:08:14]} h6 {[%emt 0:01:20]} 19. g4 {[%emt 0:03:04]} Bd8 {[%emt 0:04:26]} 20. Bxh6 {[%emt 0:15:29]} gxh6 {[%emt 0:02:01]} 21. Rxe6 {[%emt 0:00:05]} Bf6 {[%emt 0:00:12]} 22. g5 {[%emt 0:00:40]} Nxc5 {[%emt 0:01:22]} 23. Qf5 {[%emt 0:03:49]} Nxe6 {[%emt 0:03:34]} 24. Rxe6 {[%emt 0:03:33]} Bg7 {[%emt 0:01:16]} 25. Re7 {[%emt 0:01:23]} Be8 {[%emt 0:01:16]} 26. gxh6 {[%emt 0:02:59]} Qa6 {[%emt 0:00:21]} 27. hxg7 {[%emt 0:07:07]} Rxc3 {[%emt 0:00:17]} 28. Ne5 {[%emt 0:01:02]} Rc1+ {[%emt 0:00:32]} 29. Kh2 {[%emt 0:00:04]} Qf1 {[%emt 0:00:36]} 30. Rxe8+ {[%emt 0:00:07]} 1-0

[Event "105th British-ch 2018"]
[Site "Hull"]
[Date "2018.08.03"]
[Round "7"]
[White "Webb, Laurence"]
[Black "Longson, Sarah N"]
[Result "1-0"]
[WhiteElo "2306"]
[BlackElo "2123"]
[Annotator "NA"]
[PlyCount "45"]
[EventDate "2018.07.28"]
[EventType "swiss"]
[EventCountry "GBR"]
[SourceTitle "playchess.com"]
[Source "ChessBase"]
[SourceQuality "1"]
[TimeControl "40/5400+30:1800+30"]

1. d4 {[%emt 0:00:41]} d5 {[%emt 0:00:00]} 2. c4 {[%emt 0:00:22]} dxc4 {[%emt 0:00:00]} 3. Nf3 {[%emt 0:00:19]} Nf6 {[%emt 0:00:00]} 4. Nc3 {[%emt 0:00:20]} Nc6 {[%emt 0:04:00]} 5. d5 {[%emt 0:01:57]} Na5 {[%emt 0:00:13]} 6. Qa4+ {[%emt 0:00:49]} c6 {[%emt 0:00:06]} 7. b4 {[%emt 0:00:55]} cxb3 {[%emt 0:15:39]} 8. axb3 {[%emt 0:00:23]} e6 {[%emt 0:01:58]} 9. b4 {[%emt 0:01:05]} Nc4 {[%emt 0:23:16]} 10. dxc6 {[%emt 0:01:40]} b6 {[%emt 0:07:07]} 11. e4 {[%emt 0:04:19]} b5 {[%emt 0:08:33]} 12. Qxb5 {[%emt 0:07:28]} Nd6 {[%emt 0:03:59]} 13. Qa4 {[%emt 0:04:27]} e5 {[%emt 0:06:09]} 14. c7+ {[%emt 0:07:19]} Qd7 {[%emt 0:00:05]} 15. Nxe5 {[%emt 0:02:27]} Qxa4 {[%emt 0:00:13]} 16. Nxa4 {[%emt 0:03:02]} Bb7 {[%emt 0:03:06]} 17. f3 {[%emt 0:04:13]} Be7 {[%emt 0:01:15]} 18. Nc5 {[%emt 0:02:24]} Bc8 {[%emt 0:06:16]} 19. Nc6 {[%emt 0:00:59]} Nb7 {[%emt 0:03:06]} 20. Rxa7 {[%emt 0:08:51]} Rxa7 {[%emt 0:00:27]} 21. Nxa7 {[%emt 0:00:03]} Nxc5 {[%emt 0:03:52]} 22. Nxc8 {[%emt 0:02:22]} Ne6 {[%emt 0:01:52]} 23. Nd6+ {[%emt 0:02:56]} 1-0